[Event "CAN-ch U10 Girls"]
[Site "Ottawa"]
[Date "2007.07.04"]
[Round "4"]
[White "Carradice, Moriah"]
[Black "Dawson, Laura Jane"]
[Result "0-1"]
[WhiteElo "778"]
[BlackElo "1434"]
[PlyCount "132"]
[EventDate "2007.07.03"]
[EventType "swiss"]
[EventRounds "6"]
[EventCountry "CAN"]
[SourceTitle "EXT 2022"]
[Source "ChessBase"]
[SourceDate "2021.10.06"]
[SourceVersion "1"]
[SourceVersionDate "2021.10.06"]
[SourceQuality "1"]

1. e4 d5 2. Bb5+ c6 3. Be2 Nf6 4. f3 Nbd7 5. Nh3 g6 6. Ng5 Bg7 7. Nc3 0-0 8. 0-0 Nb6 9. b3 Nh5 10. Nh3 Re8 11. Qe1 Bxh3 12. gxh3 e6 13. Rf2 Bd4 14. Nd1 Bxf2+ 15. Qxf2 Qf6 16. Bb2 Qg5+ 17. Qg2 Qxg2+ 18. Kxg2 Nf4+ 19. Kf2 Nxe2 20. Kxe2 Rad8 21. Nc3 Nd7 22. Na4 a6 23. Ba3 b5 24. Nc3 Rb8 25. Bd6 Rbc8 26. Rg1 Kg7 27. Bb4 Ra8 28. Nb1 a5 29. Bc3+ Kg8 30. Rg4 a4 31. Rh4 axb3 32. axb3 f5 33. Bb2 Ra2 34. Ba3 Ra1 35. Kd1 Rxb1+ 36. Ke2 Rh1 37. Bd6 Ra1 38. Bc5 Nxc5 39. d3 fxe4 40. fxe4 Rh1 41. c4 bxc4 42. bxc4 dxc4 43. dxc4 Rxh2+ 44. Ke3 Ra2 45. Kd4 Nd7 46. c5 Ra4+ 47. Kc3 Nxc5 48. Rf4 Rxe4 49. Rf6 Nb7 50. Kd3 Rh4 51. Rf3 e5 52. Rg3 e4+ 53. Ke3 c5 54. Rg4 Rxg4 55. hxg4 c4 56. Kd4 e3 57. Kc3 e2 58. Kd2 e1Q+ 59. Kc2 Qe2+ 60. Kc3 Re3+ 61. Kb4 c3 62. Kb3 c2+ 63. Kb2 c1N+ 64. Kxc1 Rc3+ 65. Kb1 Qc2+ 66. Ka1 Ra3# 0-1

[Event "CAN-ch U10 Girls"]
[Site "Ottawa"]
[Date "2007.07.03"]
[Round "1"]
[White "Dawson, Laura Jane"]
[Black "Dumais, Pascale"]
[Result "1-0"]
[WhiteElo "1434"]
[BlackElo "1026"]
[PlyCount "49"]
[EventDate "2007.07.03"]
[EventType "swiss"]
[EventRounds "6"]
[EventCountry "CAN"]
[SourceTitle "EXT 2022"]
[Source "ChessBase"]
[SourceDate "2021.10.06"]
[SourceVersion "1"]
[SourceVersionDate "2021.10.06"]
[SourceQuality "1"]

1. f4 Nf6 2. Nf3 Nc6 3. b3 e6 4. Bb2 Ne4 5. d3 Nf6 6. e3 Bb4+ 7. Nbd2 0-0 8. Be2 d6 9. 0-0 Re8 10. h3 e5 11. g4 Be6 12. g5 Bxh3 13. Rf2 Nd5 14. e4 Ne3 15. Qc1 Ng4 16. Nxe5 Nxf2 17. Nxc6 bxc6 18. Kxf2 Bc5+ 19. Kg3 Be6 20. Bg4 Be3 21. Bxe6 Rxe6 22. Kf3 Bxd2 23. Qxd2 d5 24. Qc3 Qe8 25. Qxg7# 1-0